000 00420nam a22001697a 4500
999 _c3275
_d3232
008 181120b ||||| |||| 00| | eng d
020 _a9789750713903
041 _atur
050 _aPL248.B734
100 _91216
_aBüke, Ahmet
245 _aEkmek ve Zeytin
250 _a1. Baskı
260 _aİstanbul:
_bCan Yayınları,
_cEkim 2011
300 _a134 Sayfa
650 0 _9145
_aTürk Edebiyatı
942 _2lcc
_cBK